Quick Pick: 7-Letter State Capitals Quiz Stats

 Plays Quiz Updated Jul 8, 2018

Score 0/12 Timer 00:30
2 Plays Today
% Correct
Arizona
91.5%
Georgia
91.2%
New Mexico
89.2%
Mississippi
87.2%
North Carolina
85.5%
Nebraska
85.2%
New Jersey
84.3%
Michigan
83%
Washington
81.5%
Wisconsin
80.7%
New Hampshire
77.5%
Maine
74.7%

Today's Daily Dose

You're not logged in!

Compare scores with friends on all Sporcle quizzes.
OR
Log In

You Might Also Like...

Show Comments

Extras

Top Quizzes Today


Score Distribution

Your Account Isn't Verified!

In order to create a playlist on Sporcle, you need to verify the email address you used during registration. Go to your Sporcle Settings to finish the process.

Report this User

Report this user for behavior that violates our Community Guidelines.

Details: